<?xml version="1.0" encoding="UTF-8"?>
<collection xmlns="http://www.loc.gov/MARC21/slim">
    <record>
        <controlfield tag="001">60999</controlfield>
        <controlfield tag="005">20180619135718.0</controlfield>
        <datafield tag="037" ind1=" " ind2=" ">
            <subfield code="a">NORMAS-2017-011</subfield>
        </datafield>
        <datafield tag="100" ind1=" " ind2=" ">
            <subfield code="a">Consejo de Gobierno</subfield>
        </datafield>
        <datafield tag="245" ind1=" " ind2=" ">
            <subfield code="a">Normativa básica sobre el procedimiento y los criterios de valoración de la actividad docente del profesorado por parte de los estudiantes.</subfield>
        </datafield>
        <datafield tag="260" ind1=" " ind2=" ">
            <subfield code="a">Zaragoza</subfield>
            <subfield code="b">Consejo de Gobierno de la Universidad de Zaragoza</subfield>
            <subfield code="c">2016-02-23</subfield>
        </datafield>
        <datafield tag="653" ind1="1" ind2=" ">
            <subfield code="a">Estudiantes</subfield>
        </datafield>
        <datafield tag="653" ind1="1" ind2=" ">
            <subfield code="a">Evaluación y permanencia</subfield>
        </datafield>
        <datafield tag="650" ind1=" " ind2=" ">
            <subfield code="a">Estudiantes</subfield>
        </datafield>
        <datafield tag="650" ind1=" " ind2=" ">
            <subfield code="a">Evaluación actividad docente</subfield>
        </datafield>
        <datafield tag="856" ind1="0" ind2=" ">
            <subfield code="f">msoto@unizar.es</subfield>
        </datafield>
        <datafield tag="856" ind1="4" ind2=" ">
            <subfield code="s">117142</subfield>
            <subfield code="u">http://zaguan.unizar.es/record/60999/files/Modificaci%C3%B3n_2017.pdf</subfield>
            <subfield code="y">Modificación_2017</subfield>
            <subfield code="z">3</subfield>
        </datafield>
        <datafield tag="856" ind1="4" ind2=" ">
            <subfield code="s">156770</subfield>
            <subfield code="u">http://zaguan.unizar.es/record/60999/files/Reglamento_2016.pdf</subfield>
            <subfield code="y">Reglamento_2016</subfield>
            <subfield code="z">1</subfield>
        </datafield>
        <datafield tag="856" ind1="4" ind2=" ">
            <subfield code="s">45752</subfield>
            <subfield code="u">http://zaguan.unizar.es/record/60999/files/Modificaci%C3%B3n_2016.pdf</subfield>
            <subfield code="y">Modificación_2016</subfield>
            <subfield code="z">2</subfield>
        </datafield>
        <datafield tag="856" ind1="4" ind2=" ">
            <subfield code="s">167938</subfield>
            <subfield code="u">http://zaguan.unizar.es/record/60999/files/Texto_refundido_2017.pdf</subfield>
            <subfield code="y">Texto_refundido_2017</subfield>
            <subfield code="z">4</subfield>
        </datafield>
        <datafield tag="920" ind1=" " ind2=" ">
            <subfield code="a">BOUZ (03-2016)</subfield>
        </datafield>
        <datafield tag="980" ind1=" " ind2=" ">
            <subfield code="a">NORMAS</subfield>
        </datafield>
    </record>

    
</collection>